000
00289nam a2200145Ia 4500
100
_a
KULKARNI/K.T.
650
_a
Production.
942
_c
BK
366
_f
10
654
_a
INDL.SAFETY
245
_a
INDUSTRIAL SAFETY
260
_b
PRADISH MUDRAN
300
_a
272
546
_a
ENGLISH
999
_c
27736
_d
27736